=LDR 00000nam 2200000 4500 =001 INLIS000000000031083 =005 20130612133157 =008 ***********************************ind** =035 ##$$0010-061300000031083 =041 ##$$a ind =082 ##$$a 525 =090 ##$$a 525, Sch T =100 ##$$a Schulz,Bernhard =245 ##$$a Tau gak sih? Mengapa langit biru, oleh Bernhard Schulz, Amtje Wegener, carola zinner =260 ##$$a 2006 $b Jakarta =300 ##$$a 160 hlm, ilus, 18 cm =650 ##$$a BUMI =700 ##$$a Wegener, Amtje, Zinner,Carola =850 ##$$a NBPNMAT